[Event "Marianske Lazne op 13th"]
[Site "Marianske Lazne"]
[Date "2014.01.23"]
[Round "7"]
[White "Kesmaecker, Philippe"]
[Black "Koziol, Kamil"]
[Result "1/2-1/2"]
[WhiteElo "2239"]
[BlackElo "2012"]
[PlyCount "28"]
[EventDate "2014.01.18"]
[EventType "swiss"]
[EventRounds "9"]
[EventCountry "CZE"]
[SourceTitle "CBM 158 Extra"]
[Source "ChessBase"]
[SourceDate "2014.02.28"]
[SourceVersion "1"]
[SourceVersionDate "2014.02.28"]
[SourceQuality "1"]

1. d4 d5 2. c4 e6 3. Nf3 c5 4. cxd5 exd5 5. g3 Nc6 6. Bg2 Nf6 7. 0-0 Be7 8. Nc3 0-0 9. dxc5 Bxc5 10. a3 a5 11. Bg5 d4 12. Ne4 Be7 13. Bxf6 Bxf6 14. Ne1 Bf5 1/2-1/2

[Event "Olympiad-35"]
[Site "Bled"]
[Date "2002.11.10"]
[Round "14.2"]
[White "Sequera Paolini, Jose Rafael"]
[Black "Kesmaecker, Philippe"]
[Result "1-0"]
[WhiteElo "2378"]
[BlackElo "2274"]
[PlyCount "47"]
[EventDate "2002.10.26"]
[EventType "team-swiss"]
[EventRounds "14"]
[EventCountry "SLO"]
[SourceTitle "EXT 2003"]
[Source "ChessBase"]
[SourceDate "2002.11.25"]
[SourceVersion "1"]
[SourceVersionDate "2002.11.25"]
[SourceQuality "1"]
[WhiteTeam "Venezuela"]
[BlackTeam "Monaco"]
[WhiteTeamCountry "VEN"]
[BlackTeamCountry "MNC"]

1. e4 c5 2. c3 d5 3. exd5 Qxd5 4. d4 Nf6 5. Nf3 e6 6. Na3 Be7 7. Be2 0-0 8. 0-0 cxd4 9. Nb5 Na6 10. Qxd4 Qxd4 11. Nbxd4 Nc5 12. Ne5 Rd8 13. Bf3 Nd5 14. Rd1 f6 15. Nc4 e5 16. Nb3 Be6 17. Nca5 Nxb3 18. axb3 e4 19. Be2 b6 20. Nc6 Rd7 21. c4 Nb4 22. Rxd7 Nxc6 23. Rc7 Rc8 24. Raxa7 1-0

[Event "Olympiad-35"]
[Site "Bled"]
[Date "2002.11.06"]
[Round "11.3"]
[White "Barakat, Rafic"]
[Black "Kesmaecker, Philippe"]
[Result "1-0"]
[WhiteElo "2054"]
[BlackElo "2274"]
[PlyCount "57"]
[EventDate "2002.10.26"]
[EventType "team-swiss"]
[EventRounds "14"]
[EventCountry "SLO"]
[SourceTitle "EXT 2003"]
[Source "ChessBase"]
[SourceDate "2002.11.25"]
[SourceVersion "1"]
[SourceVersionDate "2002.11.25"]
[SourceQuality "1"]
[WhiteTeam "Palestine"]
[BlackTeam "Monaco"]
[WhiteTeamCountry "PLE"]
[BlackTeamCountry "MNC"]

1. e4 c5 2. Nf3 e6 3. d4 cxd4 4. Nxd4 a6 5. Nc3 Qc7 6. f4 Bb4 7. Bd2 Ne7 8. Bd3 0-0 9. Qe2 d6 10. 0-0-0 Nbc6 11. Nf3 Bd7 12. Kb1 b5 13. e5 d5 14. Bxh7+ Kh8 15. Bd3 Bc5 16. Qe1 g6 17. Qh4+ Kg7 18. Qf6+ Kg8 19. Qh4 Kg7 20. Qf6+ Kg8 21. h4 Nf5 22. Qg5 Qd8 23. Qg4 Nce7 24. h5 Kg7 25. Rh3 b4 26. Ne2 Bb5 27. Rdh1 Nh6 28. hxg6 Rh8 29. Rxh6 1-0

[Event "Olympiad-35"]
[Site "Bled"]
[Date "2002.11.04"]
[Round "9.3"]
[White "Vodyasov, Evgeny Ivanovich"]
[Black "Kesmaecker, Philippe"]
[Result "1-0"]
[WhiteElo "2227"]
[BlackElo "2274"]
[PlyCount "101"]
[EventDate "2002.10.26"]
[EventType "team-swiss"]
[EventRounds "14"]
[EventCountry "SLO"]
[SourceTitle "EXT 2003"]
[Source "ChessBase"]
[SourceDate "2002.11.25"]
[SourceVersion "1"]
[SourceVersionDate "2002.11.25"]
[SourceQuality "1"]
[WhiteTeam "IPCA"]
[BlackTeam "Monaco"]
[BlackTeamCountry "MNC"]

1. d4 e6 2. Nf3 f5 3. g3 Nf6 4. Bg2 d5 5. 0-0 Bd6 6. c4 c6 7. b3 Qe7 8. Bb2 0-0 9. Qc2 Ne4 10. Ne5 Nd7 11. Nd3 dxc4 12. Qxc4 Nb6 13. Qc1 Bd7 14. Nd2 Nxd2 15. Qxd2 Nd5 16. e3 Rad8 17. f3 Qg5 18. f4 Qe7 19. a3 Bc8 20. Ne5 Bxe5 21. fxe5 Qg5 22. Rfe1 Bd7 23. a4 Kh8 24. Ba3 Rg8 25. Bd6 Be8 26. Rac1 Rd7 27. b4 Qd8 28. Rc2 Bg6 29. Ra2 a6 30. Rc1 Nf6 31. exf6 Rxd6 32. fxg7+ Rxg7 33. Rc5 Qg5 34. b5 axb5 35. axb5 Be8 36. b6 h6 37. Re5 Qf6 38. Qb4 Rgd7 39. Ra7 Qd8 40. Rea5 Kh7 41. Ra8 Qe7 42. Rc8 Rd8 43. Rc7 R8d7 44. Ra8 Bf7 45. Rac8 Kg7 46. Rxd7 Rxd7 47. Qxe7 Rxe7 48. Rc7 Kf6 49. Bxc6 Be8 50. Bxb7 Bb5 51. Bc8 1-0

[Event "Olympiad-35"]
[Site "Bled"]
[Date "2002.11.01"]
[Round "7.2"]
[White "Molale, Ofentse"]
[Black "Kesmaecker, Philippe"]
[Result "1-0"]
[WhiteElo "2081"]
[BlackElo "2274"]
[PlyCount "113"]
[EventDate "2002.10.26"]
[EventType "team-swiss"]
[EventRounds "14"]
[EventCountry "SLO"]
[SourceTitle "EXT 2003"]
[Source "ChessBase"]
[SourceDate "2002.11.25"]
[SourceVersion "1"]
[SourceVersionDate "2002.11.25"]
[SourceQuality "1"]
[WhiteTeam "Botswana"]
[BlackTeam "Monaco"]
[WhiteTeamCountry "BOT"]
[BlackTeamCountry "MNC"]

1. e4 e6 2. d4 d5 3. exd5 exd5 4. c4 Nc6 5. Nf3 Bg4 6. Be2 Bb4+ 7. Nc3 Nge7 8. 0-0 0-0 9. cxd5 Nxd5 10. Qb3 Bxc3 11. bxc3 Re8 12. Bd1 Qd7 13. h3 Bf5 14. Bc2 Na5 15. Qb1 Bxc2 16. Qxc2 Nc4 17. Ng5 Nf6 18. Rb1 Qd5 19. a4 Re7 20. Rb5 Qd7 21. Rf5 Ne4 22. Rc5 Nxg5 23. Bxg5 f6 24. Bxf6 gxf6 25. Rxc4 Kh8 26. Qb2 c6 27. Rc5 Rg8 28. Rh5 Qe6 29. Qd2 Qe4 30. g3 Qf3 31. Qh6 Reg7 32. Kh2 Qe2 33. Rg1 Qxf2+ 34. Rg2 Qf3 35. Rh4 Qxc3 36. Qxf6 Qe3 37. Rf4 Qe7 38. Qf5 Rg5 39. Qd3 Qg7 40. g4 Qc7 41. Qg3 R5g7 42. Rgf2 Qd6 43. h4 Qd7 44. g5 Qd5 45. Qg4 b5 46. axb5 cxb5 47. Rf5 Qd6+ 48. Kh3 b4 49. h5 Qe7 50. Rg2 Qe3+ 51. Kh2 b3 52. Re5 Qc3 53. h6 Rf7 54. Qe6 Qxd4 55. Re4 Rf6 56. Qxf6+ Qxf6 57. gxf6 1-0

[Event "NATO-ch 13th"]
[Site "Brest"]
[Date "2002.10.??"]
[Round "6.10"]
[White "Kesmaecker, Philippe"]
[Black "Krainski, Slawomir"]
[Result "1/2-1/2"]
[WhiteElo "2274"]
[BlackElo "2183"]
[PlyCount "96"]
[EventDate "2002.10.07"]
[EventType "swiss"]
[EventRounds "7"]
[EventCountry "FRA"]
[SourceTitle "EXT 2003"]
[Source "ChessBase"]
[SourceDate "2002.11.25"]
[SourceVersion "1"]
[SourceVersionDate "2002.11.25"]
[SourceQuality "1"]

1. b4 e5 2. Bb2 d6 3. e3 g6 4. c4 Bg7 5. Nf3 Nf6 6. d4 exd4 7. Nxd4 0-0 8. Be2 a5 9. b5 Nbd7 10. Nc3 Re8 11. 0-0 Nc5 12. Qc2 Ng4 13. Rad1 Bd7 14. h3 Nf6 15. Bf3 Qc8 16. Ba3 Re5 17. Nde2 Bf5 18. Qc1 Nce4 19. Nxe4 Bxe4 20. Bxe4 Nxe4 21. Nf4 Rg5 22. Qc2 Qe8 23. Nd5 Rc8 24. Bb2 c6 25. Nb6 Rd8 26. Bxg7 Kxg7 27. Rd4 Re5 28. Qb2 f6 29. bxc6 bxc6 30. Rb1 Qe6 31. Qc2 Qe8 32. Na4 Re7 33. Nb2 Nc5 34. Rbd1 Red7 35. Qc3 Rb8 36. f3 Qe7 37. e4 Qe5 38. Nd3 Nxd3 39. R4xd3 Qxc3 40. Rxc3 Kf7 41. Ra3 Rb2 42. Rxa5 Rc2 43. c5 Rb7 44. Rxd6 Rbb2 45. Ra7+ Ke8 46. Re6+ Kd8 47. Rd6+ Ke8 48. Ra8+ Ke7 1/2-1/2

[Event "FRA-chT2"]
[Site "France"]
[Date "2002.01.20"]
[Round "6"]
[White "Marteau, Yann"]
[Black "Kesmaecker, Philippe"]
[Result "0-1"]
[WhiteElo "2197"]
[BlackElo "2261"]
[PlyCount "76"]
[EventDate "2002.??.??"]
[EventType "team"]
[EventRounds "11"]
[EventCountry "FRA"]
[SourceTitle "EXT 2003"]
[Source "ChessBase"]
[SourceDate "2002.11.25"]
[SourceVersion "1"]
[SourceVersionDate "2002.11.25"]
[SourceQuality "1"]

1. e4 c5 2. Nf3 e6 3. d4 cxd4 4. Nxd4 a6 5. a4 Nf6 6. Bd3 Nc6 7. Be3 Ne5 8. h3 d5 9. exd5 Nxd3+ 10. Qxd3 Nxd5 11. Bd2 Nb4 12. Bxb4 Bxb4+ 13. Nc3 e5 14. Nf3 Qxd3 15. cxd3 0-0 16. 0-0 Bf5 17. Nxe5 f6 18. Nf3 Bxd3 19. Rfd1 Rad8 20. Rac1 Ba5 21. Ne1 Bc4 22. Rxd8 Rxd8 23. Ne4 Be6 24. Nc5 Bc8 25. Nf3 Bb4 26. Rc4 a5 27. Ne4 Rd1+ 28. Kh2 Bd7 29. Nc5 Bc6 30. Kg3 Rd5 31. Ne4 Bxa4 32. Rc8+ Kf7 33. Rc7+ Rd7 34. Rxd7+ Bxd7 35. Nd4 Be7 36. Nc3 Bc5 37. Nb3 Bd6+ 38. Kf3 Bc6+ 0-1

[Event "FRA-chT2"]
[Site "France"]
[Date "2002.01.19"]
[Round "5"]
[White "Kesmaecker, Philippe"]
[Black "Daniilidis, Aris"]
[Result "1-0"]
[WhiteElo "2261"]
[BlackElo "2319"]
[PlyCount "52"]
[EventDate "2002.??.??"]
[EventType "team"]
[EventRounds "11"]
[EventCountry "FRA"]
[SourceTitle "EXT 2003"]
[Source "ChessBase"]
[SourceDate "2002.11.25"]
[SourceVersion "1"]
[SourceVersionDate "2002.11.25"]
[SourceQuality "1"]

1. Nf3 d5 2. d4 c6 3. c4 e6 4. Qc2 Bd6 5. g3 f5 6. Bf4 Bxf4 7. gxf4 Nf6 8. e3 0-0 9. Nbd2 Bd7 10. Rc1 Ne4 11. Qb3 Bc8 12. Bd3 Kh8 13. Rg1 Nd7 14. Rg2 Qe8 15. Ke2 Qh5 16. Qc2 c5 17. Rcg1 cxd4 18. cxd5 exd5 19. Rxg7 Ndf6 20. Ke1 Nxd2 21. Nxd2 dxe3 22. fxe3 Be6 23. Nb3 Rac8 24. Rc7 Rg8 25. Rxc8 Rxc8 26. Qe2 Qh4+ 1-0

[Event "Olympiad-34"]
[Site "Istanbul"]
[Date "2000.11.10"]
[Round "13.1"]
[White "De la Riva Aguado, Oscar"]
[Black "Kesmaecker, Philippe"]
[Result "1-0"]
[WhiteElo "2462"]
[BlackElo "2293"]
[PlyCount "59"]
[EventDate "2000.10.28"]
[EventType "team-swiss"]
[EventRounds "14"]
[EventCountry "TUR"]
[SourceTitle "EXT 2001"]
[Source "ChessBase"]
[SourceDate "2000.11.22"]
[SourceVersion "1"]
[SourceVersionDate "2000.11.22"]
[SourceQuality "1"]
[WhiteTeam "Andorra"]
[BlackTeam "Monaco"]
[WhiteTeamCountry "AND"]
[BlackTeamCountry "MNC"]

1. e4 e6 2. d4 d5 3. Nc3 Bb4 4. e5 Qd7 5. a3 Bf8 6. Nf3 b6 7. Bb5 c6 8. Ba4 Ba6 9. Ne2 Ne7 10. c3 Ng6 11. h4 h5 12. Bc2 Ne7 13. 0-0 c5 14. Re1 Bxe2 15. Qxe2 c4 16. Ng5 Nbc6 17. Qf3 Nd8 18. Nh3 Rc8 19. Bg5 Qb7 20. Nf4 g6 21. Bf6 Rg8 22. Nxh5 gxh5 23. Qxh5 Bg7 24. Bh7 Kf8 25. Bxg8 Nxg8 26. Bxg7+ Kxg7 27. Re3 Nc6 28. Rg3+ Kf8 29. Qh7 Nce7 30. Rg7 1-0

[Event "Olympiad-34"]
[Site "Istanbul"]
[Date "2000.11.09"]
[Round "12.1"]
[White "Frick, Renato"]
[Black "Kesmaecker, Philippe"]
[Result "1-0"]
[WhiteElo "2156"]
[BlackElo "2293"]
[PlyCount "129"]
[EventDate "2000.10.28"]
[EventType "team-swiss"]
[EventRounds "14"]
[EventCountry "TUR"]
[SourceTitle "EXT 2001"]
[Source "ChessBase"]
[SourceDate "2000.11.22"]
[SourceVersion "1"]
[SourceVersionDate "2000.11.22"]
[SourceQuality "1"]
[WhiteTeam "Liechtenstein"]
[BlackTeam "Monaco"]
[WhiteTeamCountry "LIE"]
[BlackTeamCountry "MNC"]

1. e4 c5 2. Nf3 e6 3. d4 cxd4 4. Nxd4 a6 5. Bd3 Qc7 6. Qe2 d6 7. 0-0 Nf6 8. c4 g6 9. Nc3 Bg7 10. Be3 0-0 11. Rac1 Nbd7 12. Rfd1 b6 13. f3 Bb7 14. Bb1 Rad8 15. b3 Qb8 16. Qf2 Rfe8 17. Nde2 Ba8 18. h3 Bf8 19. g4 b5 20. g5 Nh5 21. Bc2 bxc4 22. bxc4 Ne5 23. Bb3 Rc8 24. Na4 Nd7 25. Nf4 Nxf4 26. Bxf4 Qb4 27. Bd2 Qa3 28. Qe1 Rb8 29. Rb1 d5 30. Bf4 Rbc8 31. Bc1 Qd6 32. cxd5 exd5 33. Qf2 Qe6 34. Kg2 Bd6 35. Bb2 Qe7 36. Bxd5 Qxg5+ 37. Kh1 Bg3 38. Bxf7+ Kxf7 39. Rxd7+ Ke6 40. Rbd1 Rc6 41. Qd4 Qe5 42. Qxe5+ Bxe5 43. Bxe5 Kxe5 44. R1d2 h5 45. Kg2 g5 46. R7d5+ Kf6 47. Nc5 Kg6 48. Kg3 Rec8 49. Nd7 Rc2 50. Rd6+ Kg7 51. Nb6 Rxd2 52. Rxd2 Rb8 53. Nxa8 Rxa8 54. h4 g4 55. fxg4 hxg4 56. Kxg4 Rc8 57. Kf4 Rc3 58. Rh2 a5 59. h5 a4 60. h6+ Kh8 61. e5 a3 62. e6 Rc1 63. Re2 Rc8 64. e7 Re8 65. Kf5 1-0

[Event "Olympiad-34"]
[Site "Istanbul"]
[Date "2000.11.05"]
[Round "8.1"]
[White "Kesmaecker, Philippe"]
[Black "Righi, Ezio"]
[Result "1-0"]
[WhiteElo "2293"]
[BlackElo "2118"]
[PlyCount "137"]
[EventDate "2000.10.28"]
[EventType "team-swiss"]
[EventRounds "14"]
[EventCountry "TUR"]
[SourceTitle "EXT 2001"]
[Source "ChessBase"]
[SourceDate "2000.11.22"]
[SourceVersion "1"]
[SourceVersionDate "2000.11.22"]
[SourceQuality "1"]
[WhiteTeam "Monaco"]
[BlackTeam "San Marino"]
[WhiteTeamCountry "MNC"]
[BlackTeamCountry "SMR"]

1. Nf3 d5 2. b4 Qd6 3. a3 e5 4. e3 f6 5. Bb2 Be6 6. d4 Nd7 7. Be2 Be7 8. Qc1 Nh6 9. c4 c6 10. c5 Qc7 11. Nc3 0-0 12. Qc2 e4 13. Nd2 f5 14. g3 Nf6 15. 0-0-0 Nfg4 16. Rdf1 Bg5 17. Nd1 Be7 18. h3 Nf6 19. Nc3 Nf7 20. Rfg1 Nd7 21. Qb3 b6 22. g4 f4 23. cxb6 axb6 24. Ndxe4 Ng5 25. Nxg5 Bxg5 26. h4 Be7 27. Bd3 fxe3 28. fxe3 Rf3 29. Re1 Nf8 30. Kb1 Qd6 31. Qd1 Rf2 32. Bc2 Qg3 33. g5 Bg4 34. Qd3 Bf5 35. e4 Rf3 36. Qd2 dxe4 37. Bxe4 Bxe4+ 38. Rxe4 Rd3 39. Qe1 Bd6 40. Qxg3 Rxg3 41. Rc1 Rh3 42. Ne2 Rc8 43. Rc3 Rxc3 44. Nxc3 Kf7 45. Kc2 h6 46. gxh6 gxh6 47. Bc1 h5 48. Bf4 Rd8 49. d5 Ng6 50. Bg5 cxd5 51. Bxd8 dxe4 52. Nxe4 Ke6 53. Bxb6 Nxh4 54. Kd3 Nf5 55. Kc4 h4 56. a4 Kd7 57. Ng5 Kc6 58. Bg1 Bf4 59. b5+ Kb7 60. Nh3 Be3 61. Bxe3 Nxe3+ 62. Kc5 Nc2 63. a5 Kb8 64. Kb6 Nb4 65. a6 Ka8 66. Nf4 Kb8 67. Ka5 Nd5 68. Nxd5 h3 69. Kb6 1-0

[Event "Olympiad-34"]
[Site "Istanbul"]
[Date "2000.11.02"]
[Round "6.1"]
[White "Kesmaecker, Philippe"]
[Black "Guillen Ramirez, Jose Antonio"]
[Result "0-1"]
[WhiteElo "2293"]
[BlackElo "2281"]
[PlyCount "90"]
[EventDate "2000.10.28"]
[EventType "team-swiss"]
[EventRounds "14"]
[EventCountry "TUR"]
[SourceTitle "EXT 2001"]
[Source "ChessBase"]
[SourceDate "2000.11.22"]
[SourceVersion "1"]
[SourceVersionDate "2000.11.22"]
[SourceQuality "1"]
[WhiteTeam "Monaco"]
[BlackTeam "Honduras"]
[WhiteTeamCountry "MNC"]
[BlackTeamCountry "HON"]

1. b4 e5 2. Bb2 f6 3. b5 d5 4. e3 Be6 5. Nf3 Bd6 6. d4 e4 7. Nfd2 Ne7 8. c4 c6 9. Nc3 0-0 10. Qb3 f5 11. g3 Nd7 12. a4 Nf6 13. Ba3 Rc8 14. Bxd6 Qxd6 15. c5 Qd7 16. b6 axb6 17. Qxb6 Rb8 18. a5 g5 19. f4 Ng4 20. Nd1 gxf4 21. gxf4 Ng6 22. h3 Nxe3 23. Nxe3 Nxf4 24. 0-0-0 Ng6 25. Rg1 f4 26. Ng4 Bf5 27. Nh6+ Kg7 28. Nxf5+ Rxf5 29. Qb3 Qc7 30. Qc3 f3 31. Bc4 Ra8 32. Bb3 f2 33. Rg3 Rxa5 34. Nf1 Ra8 35. Rd2 Raf8 36. Re2 Rf3 37. Re3 Qxg3 38. Nxg3 Rxg3 39. Rxg3 f1Q+ 40. Kb2 Qe2+ 41. Bc2 Rf3 42. Rxf3 exf3 43. Qd3 Qxd3 44. Bxd3 Nf4 45. Bf1 Ne2 0-1

[Event "Olympiad-34"]
[Site "Istanbul"]
[Date "2000.10.30"]
[Round "3.1"]
[White "Dervishi, Erald"]
[Black "Kesmaecker, Philippe"]
[Result "1-0"]
[WhiteElo "2478"]
[BlackElo "2293"]
[PlyCount "91"]
[EventDate "2000.10.28"]
[EventType "team-swiss"]
[EventRounds "14"]
[EventCountry "TUR"]
[SourceTitle "EXT 2001"]
[Source "ChessBase"]
[SourceDate "2000.11.22"]
[SourceVersion "1"]
[SourceVersionDate "2000.11.22"]
[SourceQuality "1"]
[WhiteTeam "Albania"]
[BlackTeam "Monaco"]
[WhiteTeamCountry "ALB"]
[BlackTeamCountry "MNC"]

1. e4 e6 2. d4 d5 3. Nd2 Nc6 4. Ngf3 Nf6 5. e5 Nd7 6. Be2 f6 7. exf6 Qxf6 8. Nb3 Bd6 9. 0-0 0-0 10. Bg5 Qg6 11. Bh4 b6 12. Bg3 Bxg3 13. hxg3 Bb7 14. Bb5 a6 15. Bxc6 Bxc6 16. Re1 Rae8 17. Qd2 Bb7 18. Ne5 Nxe5 19. Rxe5 Rf5 20. Rae1 Rxe5 21. Rxe5 Qf6 22. Nc1 c5 23. Ne2 Rc8 24. Qe3 Rc6 25. c3 Bc8 26. Rxd5 cxd4 27. Nxd4 exd5 28. Qe8+ Qf8 29. Qxc6 Qd8 30. Nc2 Kf7 31. Ne3 Be6 32. Qb7+ Kf6 33. Qxa6 d4 34. Qd3 Bxa2 35. cxd4 Qc8 36. Qb5 Qe6 37. d5 Qd6 38. Qa4 Bb1 39. Qd4+ Kf7 40. Nc4 Qc5 41. Qf4+ Ke7 42. Qe5+ Kd8 43. Qb8+ Ke7 44. d6+ Ke6 45. Qe8+ Kd5 46. d7 1-0

[Event "NATO-ch 10th"]
[Site "Stetten"]
[Date "1999.09.15"]
[Round "4.4"]
[White "Kesmaecker, Philippe"]
[Black "Pedersen, Jacob Bang"]
[Result "1-0"]
[WhiteElo "2275"]
[BlackElo "2160"]
[PlyCount "64"]
[EventDate "1999.09.13"]
[EventType "swiss"]
[EventRounds "7"]
[EventCountry "GER"]
[SourceTitle "EXT 2008"]
[Source "ChessBase"]
[SourceDate "2007.11.25"]
[SourceVersion "1"]
[SourceVersionDate "2007.11.25"]
[SourceQuality "1"]

1. b4 c6 2. e3 Nf6 3. Bb2 Qb6 4. a3 a5 5. c4 d5 6. c5 Qc7 7. Nf3 Bg4 8. h3 Bxf3 9. Qxf3 axb4 10. axb4 Rxa1 11. Bxa1 Nbd7 12. Be2 g6 13. 0-0 Bg7 14. Nc3 0-0 15. d4 Ra8 16. Bb2 e5 17. Ra1 Rxa1+ 18. Bxa1 e4 19. Qg3 Qxg3 20. fxg3 h5 21. b5 Nb8 22. Na2 Nfd7 23. Bc3 cxb5 24. Bxb5 Nc6 25. Kf2 Kf8 26. Bxc6 bxc6 27. Ba5 Ke8 28. Nb4 Nxc5 29. dxc5 Kd7 30. Nc2 Ke7 31. Nd4 Kd7 32. Bb6 Be5 1-0

[Event "NATO-ch 10th"]
[Site "Stetten"]
[Date "1999.09.13"]
[Round "1.5"]
[White "Dunlop, Chris"]
[Black "Kesmaecker, Philippe"]
[Result "1-0"]
[WhiteElo "1970"]
[BlackElo "2275"]
[PlyCount "49"]
[EventDate "1999.09.13"]
[EventType "swiss"]
[EventRounds "7"]
[EventCountry "GER"]
[SourceTitle "EXT 2008"]
[Source "ChessBase"]
[SourceDate "2007.11.25"]
[SourceVersion "1"]
[SourceVersionDate "2007.11.25"]
[SourceQuality "1"]

1. e4 e6 2. d3 d5 3. Nd2 c5 4. Ngf3 Nc6 5. g3 Nf6 6. Bg2 Be7 7. 0-0 b6 8. Re1 Bb7 9. c3 Qc7 10. Qe2 0-0-0 11. a3 dxe4 12. dxe4 h6 13. e5 Nd7 14. Nc4 Kb8 15. b4 b5 16. Nd6 Bxd6 17. exd6 Qxd6 18. Qxb5 a6 19. Qe2 g5 20. Be3 Ne7 21. bxc5 Qc6 22. Rab1 Nxc5 23. Bxc5 Qxc5 24. Ne5 Rd5 25. c4 1-0

[Event "Cannes"]
[Site "Cannes"]
[Date "1999.??.??"]
[Round "2"]
[White "Kesmaecker, Philippe"]
[Black "Caposciutti, Maurizio"]
[Result "0-1"]
[WhiteElo "2293"]
[BlackElo "2273"]
[PlyCount "110"]
[EventDate "1999.02.??"]
[EventType "k.o."]
[EventRounds "7"]
[EventCountry "FRA"]
[SourceTitle "EXT 2000"]
[Source "ChessBase"]
[SourceDate "1999.11.16"]
[SourceVersion "1"]
[SourceVersionDate "1999.11.16"]
[SourceQuality "1"]

1. b4 e5 2. Bb2 Bxb4 3. Bxe5 Nf6 4. Nf3 Nc6 5. Bb2 d5 6. e3 0-0 7. Be2 Qe7 8. 0-0 Bg4 9. d3 Rad8 10. Nbd2 Rfe8 11. h3 Bh5 12. a3 Bd6 13. c4 Bxf3 14. Bxf3 Ne5 15. cxd5 Nxd3 16. Bd4 Ne5 17. Qb3 b6 18. Be2 Bc5 19. Bxc5 Qxc5 20. e4 Qd4 21. Qb4 Nc6 22. Qxd4 Nxd4 23. Bd3 c6 24. dxc6 Nxc6 25. Bb5 Rxd2 26. Bxc6 Re6 27. Rfd1 Rxd1+ 28. Rxd1 Kf8 29. Bb7 Nxe4 30. Rd8+ Ke7 31. Ra8 a5 32. Bd5 Re5 33. Ra7+ Kd6 34. Bxf7 Re7 35. Rxe7 Kxe7 36. Bg8 Nf6 37. Ba2 b5 38. Kf1 Kd6 39. Ke2 Nd5 40. Kf3 Ke5 41. Bb1 h6 42. h4 b4 43. axb4 Nxb4 44. Ke3 a4 45. f4+ Kd5 46. g4 a3 47. h5 a2 48. Bxa2+ Nxa2 49. g5 Nc3 50. f5 Ne4 51. f6 Nxf6 52. gxf6 gxf6 53. Kf4 Ke6 54. Ke4 f5+ 55. Ke3 Ke5 0-1

[Event "NATO-ch 09th"]
[Site "Portsmouth"]
[Date "1998.10.07"]
[Round "4"]
[White "Kesmaecker, Philippe"]
[Black "Benedetti, Fabrizio"]
[Result "1/2-1/2"]
[WhiteElo "2295"]
[BlackElo "2200"]
[PlyCount "58"]
[EventDate "1998.10.??"]
[EventType "swiss"]
[EventRounds "7"]
[EventCountry "ENG"]
[SourceTitle "EXT 2014"]
[Source "ChessBase"]
[SourceDate "2013.11.20"]
[SourceVersion "1"]
[SourceVersionDate "2013.11.20"]
[SourceQuality "1"]

1. d4 d5 2. Nf3 Nf6 3. c4 e6 4. g3 c6 5. Qc2 Nbd7 6. Bg2 Be7 7. 0-0 0-0 8. b3 Re8 9. Nbd2 Bf8 10. Bb2 g6 11. Rad1 Bg7 12. Rfe1 Qc7 13. e4 dxe4 14. Nxe4 Nxe4 15. Qxe4 c5 16. Qc2 cxd4 17. Bxd4 e5 18. Qb2 f6 19. c5 Nb8 20. b4 Nc6 21. Bc3 Be6 22. Nd2 f5 23. Bxc6 Qxc6 24. Bxe5 Bxe5 25. Rxe5 Bd5 26. Rde1 Rxe5 27. Rxe5 Re8 28. a4 Rxe5 29. Qxe5 a5 1/2-1/2

[Event "NATO-ch 09th"]
[Site "Portsmouth"]
[Date "1998.10.06"]
[Round "3"]
[White "Engelen, Johan HHM"]
[Black "Kesmaecker, Philippe"]
[Result "1/2-1/2"]
[WhiteElo "1847"]
[BlackElo "2295"]
[PlyCount "120"]
[EventDate "1998.10.??"]
[EventType "swiss"]
[EventRounds "7"]
[EventCountry "ENG"]
[SourceTitle "EXT 2014"]
[Source "ChessBase"]
[SourceDate "2013.11.20"]
[SourceVersion "1"]
[SourceVersionDate "2013.11.20"]
[SourceQuality "1"]

1. e4 e6 2. d4 d5 3. Nc3 Bb4 4. e5 Qd7 5. Bd2 b6 6. a3 Bxc3 7. Bxc3 Ba6 8. Bxa6 Nxa6 9. Qd3 Nb8 10. Nf3 Ne7 11. 0-0 c5 12. Rfe1 Ng6 13. Rad1 c4 14. Qe3 a5 15. b3 cxb3 16. cxb3 0-0 17. Rc1 Rc8 18. Bb2 Nc6 19. Rc2 Nd8 20. Rec1 Ne7 21. Ne1 Rxc2 22. Rxc2 Rc8 23. Qd3 Rxc2 24. Qxc2 Qc6 25. Qxc6 Ndxc6 26. a4 f6 27. f4 Kf7 28. Kf2 Nf5 29. Nc2 h5 30. g3 g5 31. Bc3 Kg6 32. Kf3 g4+ 33. Kf2 Kf7 34. Ke2 h4 35. Kf2 h3 36. Kg1 Kg6 37. Kf2 fxe5 38. fxe5 Kh5 39. Kg1 Kg5 40. Kf2 Kg6 41. Ba1 Nd8 42. Bc3 Nf7 43. Bd2 Ng5 44. Bxg5 Kxg5 45. Kf1 Kh5 46. Kf2 Nh6 47. Ke3 Kg5 48. Kf2 Kf5 49. Ke3 Nf7 50. Kd3 Kg6 51. Ne3 Kh5 52. Nf1 Ng5 53. Ke3 Nf3 54. Kd3 Kg5 55. Ke3 Ne1 56. Kd2 Nf3+ 57. Ke3 Kf5 58. Kd3 Kg6 59. Ke3 Kh5 60. Kd3 Kg5 1/2-1/2

[Event "NATO-ch 09th"]
[Site "Portsmouth"]
[Date "1998.10.06"]
[Round "2"]
[White "Kesmaecker, Philippe"]
[Black "Costales, Charles"]
[Result "1-0"]
[WhiteElo "2295"]
[BlackElo "1890"]
[PlyCount "139"]
[EventDate "1998.10.??"]
[EventType "swiss"]
[EventRounds "7"]
[EventCountry "ENG"]
[SourceTitle "EXT 2014"]
[Source "ChessBase"]
[SourceDate "2013.11.20"]
[SourceVersion "1"]
[SourceVersionDate "2013.11.20"]
[SourceQuality "1"]

1. d4 d5 2. Nf3 Nf6 3. c4 e6 4. g3 c6 5. Qc2 h6 6. Bg2 Bb4+ 7. Bd2 Bd6 8. 0-0 Nbd7 9. Bf4 Bxf4 10. gxf4 dxc4 11. Qxc4 Qe7 12. Nbd2 Nb6 13. Qc2 Nbd5 14. e3 Bd7 15. Rfc1 g5 16. fxg5 hxg5 17. Nxg5 Ng4 18. Ngf3 0-0-0 19. h3 Ngxe3 20. fxe3 Nxe3 21. Qe4 Nxg2 22. Kxg2 Rdg8+ 23. Kf2 Rxh3 24. Rh1 Rgh8 25. Rxh3 Rxh3 26. Rg1 Rh8 27. a3 Be8 28. Qf4 f6 29. Ne4 Rf8 30. Nd6+ Kd8 31. Nxe8 e5 32. Qh4 Kxe8 33. Re1 Kd7 34. Re3 Qg7 35. dxe5 fxe5 36. Qe4 Kd6 37. Ke1 Re8 38. Kd2 a6 39. Kc2 Re7 40. Nd2 b5 41. b4 Kc7 42. Nf3 Kd6 43. Rc3 Rc7 44. Rc5 Qh7 45. Qxh7 Rxh7 46. Nxe5 Rc7 47. Kd3 a5 48. Ke4 axb4 49. axb4 Rc8 50. Kd4 Rc7 51. Rc1 Rc8 52. Rh1 Kc7 53. Kc5 Kb7 54. Rh7+ Ka6 55. Nd7 Rg8 56. Kxc6 Rc8+ 57. Kd6 Ka7 58. Nc5+ Ka8 59. Rc7 Rh8 60. Kc6 Rb8 61. Re7 Rh8 62. Kxb5 Rb8+ 63. Ka5 Rc8 64. Na4 Rh8 65. b5 Rb8 66. Nc5 Rc8 67. Ne6 Rb8 68. Nd4 Rh8 69. b6 Rc8 70. Ka6 1-0

[Event "FRA-chT2 9495"]
[Site "France"]
[Date "1994.??.??"]
[Round "5"]
[White "Kesmaecker, Philippe"]
[Black "Bellas, Alexandre"]
[Result "1/2-1/2"]
[WhiteElo "2200"]
[BlackElo "2190"]
[PlyCount "44"]
[EventDate "1994.??.??"]
[EventType "team"]
[EventRounds "11"]
[EventCountry "FRA"]
[SourceTitle "EXT 2008"]
[Source "ChessBase"]
[SourceDate "2007.11.25"]
[SourceVersion "1"]
[SourceVersionDate "2007.11.25"]
[SourceQuality "1"]

1. Nf3 g6 2. c4 Bg7 3. Nc3 d6 4. g3 e5 5. Bg2 Nc6 6. d3 Nge7 7. Bd2 0-0 8. Qc1 Re8 9. Rb1 a5 10. a3 Nd4 11. b4 axb4 12. axb4 Nxf3+ 13. Bxf3 c6 14. 0-0 Bh3 15. Re1 Qd7 16. b5 d5 17. bxc6 bxc6 18. cxd5 cxd5 19. Rb6 Rab8 20. Qb1 Rxb6 21. Qxb6 Rc8 22. Qa5 Be6 1/2-1/2